| 000 | 01903nam0a2200433 4500 | ||
|---|---|---|---|
| 001 | RU\NLR\BIBL_A\012773511 | ||
| 005 | 20220805161959.0 | ||
| 010 |
_a978-5-04-121005-2 _94000 |
||
| 021 |
_aRU _bКН-П-22-001982 _9КН-П-22-0143 |
||
| 035 | _a(NLR Aleph) 012773511 | ||
| 035 | _a(RuMoRGB)010960487 | ||
| 090 |
_a13100254 _c13100254 |
||
| 100 | _a20220427d2022 u y0rusy50 ca | ||
| 101 | 1 |
_arus _cfre |
|
| 102 | _aRU | ||
| 105 | _aac z 000zy | ||
| 181 | 0 |
_ab3 _bxb2e |
|
| 181 | 0 |
_ai1 _baxxe |
|
| 182 | 0 | _an | |
| 200 | 1 |
_aВышейте мне кота! _dBrodez-moi chat _e[30 мурчащих проектов с французским шармом для любителей вышивки и котиков] _fИзабелль Аккур-Вотье, Аделин Крас _g[перевод с французского Э. В. Зейнетдиновой] _zfre |
|
| 203 |
_aИзображение _aТекст _bвизуальные _cнепосредственные |
||
| 210 |
_aМосква _cЭксмо _d2022 [т. е. 2021] |
||
| 215 |
_a111 с. _cцв. ил., портр. _d27 |
||
| 225 | 1 |
_aМировые звезды рукоделия _iФранция |
|
| 300 | _aАвт. также на фр. яз.: Isabelle Haccourt Vautier, Adeline Cras | ||
| 300 | _aКн. фактически изд. в 2021 г. | ||
| 333 | _a12+ | ||
| 510 | 1 |
_6z20790 _aBrodez-moi chat _zfre |
|
| 606 | 1 |
_aЖивотные _xВышивание _2nlr_sh2 _3RU\NLR\AUTH\661604770 |
|
| 675 |
_a746 _v4 |
||
| 686 | 1 | _aМ482 | |
| 700 | 1 |
_aАккур-Вотье _bИ. _fок. 1966- _gИзабелль _3RU\NLR\AUTH\770242588 |
|
| 701 | 1 |
_aКрас _bА. _gАделин |
|
| 790 | 1 |
_6z20 _aHaccourt-Vautier _bI. _fок. 1966- _gIsabelle _3RU\NLR\AUTH\770242589 |
|
| 790 | 1 |
_6z20 _6z20510 _aCras _bA. _gAdeline |
|
| 942 | _cBOOK | ||
| 980 | _aNB | ||